Полное собрание сочинений: в 3 т.; пер. с фр.

Bibliografiske detaljer
Hovedforfatter: Мольер
Andre forfattere: Любимов Н. М. (переводчик), Аникст М. А. (иллюстратор), Бояджиев Г. Н.
Sprog:russisk
Udgivet: Москва, Искусство, 1985-
Format: MixedMaterials Bog
KOHA link:https://koha.lib.tpu.ru/cgi-bin/koha/opac-detail.pl?biblionumber=161183

MARC

LEADER 00000nam0a2200000 4500
001 161183
005 20231031155825.0
035 |a (RuTPU)RU\TPU\book\174795 
035 |a RU\TPU\book\123079 
090 |a 161183 
100 |a 20090604d1985 m y0rusy50 ca 
101 1 |a rus  |c fre 
102 |a RU 
105 |a a z 000ay 
200 1 |a Полное собрание сочинений  |e в 3 т.  |e пер. с фр.  |f Мольер  |g пер. под ред. Н. М. Любимова ; худож. М. А. Аникст ; комментарии Г. Н. Бояджиева 
210 |a Москва  |c Искусство  |d 1985- 
700 0 |a Мольер  |c настоящая имя и фамилия Жан-Батист Поклен  |c французский комедиограф  |c актер  |f 1622-1673  |2 stltpush  |3 (RuTPU)RU\TPU\pers\826 
702 1 |a Любимов  |b Н. М.  |4 730 
702 1 |a Аникст  |b М. А.  |4 440 
702 1 |a Бояджиев  |b Г. Н.  |4 210 
801 1 |a RU  |b 63413507  |c 20070417  |g PSBO 
801 2 |a RU  |b 63413507  |c 20090604  |g PSBO 
942 |c BK